000 00744nam a2200289 a 4500
003 AR-BaBNM
005 20251128205541.0
008 082120s2002 ||||||||||||||000 | spa||
020 _a84-322-5009-0
040 _cAR-BaBNM
100 1 _aUslar Pietri, Arturo
245 0 0 _aLa isla de Róbinson
250 _a1ª ed.
260 _aBarcelona
_bSeix Barral
_c1982
300 _a357 p.
490 0 _aBiblioteca universal Formentor
_vv. 9
650 4 _aLITERATURA LATINOAMERICANA
650 4 _aBIOGRAFIAS
650 4 _aHISTORIA AMERICANA
650 4 _aLITERATURA CONTEMPORANEA
653 _aLITERATURA VENEZOLANA
653 _aNOVELA HISTORICA
653 _aNARRATIVA
655 _aLITERATURA
942 _cBK
998 _cMARTIN
999 _c11850
_d11850